000
00273 a2200121 4500
001
67565
082
_a
515ANT
090
_c
38619
_d
38619
100
_a
Anton,H
245
_a
Calculus with analytic geometry + CD, 7/e
250
_a
7
260
_a
NY
_b
John Wiley & Sons
_c
2002
942
_a
NUST-CAE
_k
515ANT
999
_c
302638
_d
302638